000
00311 a2200145 4500
001
180465
020
_a
040
_c
Magnum
100
_a
Marzola, Norma
240
1
0
_a
Escola e classes populares
_l
por
245
1
0
_a
Escola e classes populares
362
0
_a
1899
697
_a
MAGNITO: ENSINO
942
_c
BK
999
_c
180465
_d
180465